Management údržby vyžaduje projektové řízení
Ako úspešne realizovať štandardizáciu projekt implementácie TPM-MPM ( totálnej produktívnej údržby a multiprocesného riadenia). Vymedzenie TPM ( Total Productive Maintenance). Ciele TMT. Základné piliere. Filozofia TPM-MPM. Manažment konfigurácie údržby.
Guardado en:
| Autor principal: | |
|---|---|
| Formato: | Capítulo de libro |
| Lenguaje: | checo |
| Materias: | |
| Etiquetas: |
Sin Etiquetas, Sea el primero en etiquetar este registro!
|
MARC
| LEADER | 00000naa$a2200000$$$4500 | ||
|---|---|---|---|
| 001 | 0054073 | ||
| 005 | 20231128135055.9 | ||
| 041 | 0 | |a cze | |
| 044 | |a CZ | ||
| 245 | 1 | 0 | |a Management údržby vyžaduje projektové řízení |c Miroslav Rakyta |
| 520 | |a Ako úspešne realizovať štandardizáciu projekt implementácie TPM-MPM ( totálnej produktívnej údržby a multiprocesného riadenia). Vymedzenie TPM ( Total Productive Maintenance). Ciele TMT. Základné piliere. Filozofia TPM-MPM. Manažment konfigurácie údržby. | ||
| 610 | 2 | 0 | |a manažment |
| 610 | 2 | 0 | |a riadenie procesné |
| 610 | 2 | 0 | |a stroje |
| 610 | 2 | 0 | |a údržba |
| 610 | 2 | 0 | |a efektívnosť |
| 610 | 2 | 0 | |a výkonnosť |
| 610 | 2 | 0 | |a procesy pomocné a obslužné |
| 100 | 1 | |a Rakyta, Miroslav | |